000 005320000a22001810004500
003 MACL
005 20160410124940.0
008 160410b xxu||||| |||| 00| 0 eng d
040 _aMACL
_cMACL
041 _aHindi
082 _a610
100 _aडॉ देवशक्ति व्‍यास
_951680
245 _aहदय रोग कारण और उपचार
260 _bमनीष प्रकाशन
_c2000
_aदिल्‍ली
350 _a175
650 _aDisease
_951681
942 _cHIN
_k610
_2ddc
999 _c19209
_d19209